| 000 | 01358cam a2200337 a 4500 | ||
|---|---|---|---|
| 090 | _c0 | ||
| 001 | 11861666 | ||
| 005 | 20030730101437.0 | ||
| 008 | 991207s2000 mau 001 0 eng | ||
| 010 | _a 99088766 | ||
| 020 | _a0632053321 (pbk.) | ||
| 020 | _a9780632053322 (pbk.) | ||
| 040 |
_aDLC _cDLC _dDLC |
||
| 043 | _ae-uk--- | ||
| 050 | 0 | 0 |
_aTH6123 _b.T74 2000 |
| 082 | 0 | 0 |
_a696.1 _221 _bTRE |
| 100 | 1 | _aTreloar, Roy. | |
| 245 | 1 | 0 |
_aPlumbing : _bHeating and Gas Installations / _cR.D. Treloar. |
| 250 | _a2nd ed. | ||
| 260 |
_aMalden, MA : _bBlackwell Science, _cc2000. |
||
| 300 |
_axv, 415 p. : _bill. ; _c25 cm. |
||
| 500 | _aIncludes index. | ||
| 500 | _aBy the same author "Plumbing Encyclopaedia" | ||
| 650 | 0 |
_aPlumbing _vProblems, exercises, etc. |
|
| 650 | 0 |
_aGas fitting _vProblems, exercises, etc. |
|
| 650 | 0 |
_aPlumbing _zGreat Britain _xExaminations _vStudy guides. |
|
| 650 | 0 |
_aNational Vocational Qualifications (Great Britain) _vStudy guides. |
|
| 942 |
_2ddc _cBB |
||
| 999 |
_c10362 _d10362 |
||